| 000 | 00339nam a22001457a 4500 | ||
|---|---|---|---|
| 003 | OSt | ||
| 020 | _a9788122414349 | ||
| 082 |
_a338.04 _bANI/EN |
||
| 100 | _aAnil kumar, S | ||
| 245 | _aEntrepreneurship development | ||
| 250 | _a1 | ||
| 260 |
_aNew Delhi _bNew age international publishers _c2003 |
||
| 300 | _a283p. | ||
| 942 |
_2ddc _cBK |
||
| 999 |
_c190253 _d190253 |
||